000 01489 a2200265 4500
999 _c10940
_d10940
020 _a0813123429 (alk. paper)
020 _a0813191181 (pbk. : alk. paper)
050 0 0 _aDS806
_bKAR 2004
100 1 _aKaran, Pradyumna P.
_eauthor
245 1 0 _aJapan in the 21st century :
_cPradyumna P. Karan ; cartography by Dick Gilbreath.
264 _aLexington :
_bUniversity Press of Kentucky,
_cc2005
300 _axii, 401 p. :
_bill., maps ;
336 _2rdacontent
_atext
_btxt
337 _2rdamedia
_a unmediated
_bn
338 _2rdacarrier
_avolume
_bnc
500 _aIncludes bibliographical references and index
504 _aIncludes bibliographical references and index.
505 _aJapan at the crossroads : grappling with changes Environmental challenges and constraints The cultural heritage Japanese landscapes Regional reality Demographic and social challenges Rural landscape, settlements, and agriculture Urban settlements The political challenge The economic challenge Development and restructuring of industry Postindustrial Japan The challenge of environmental preservation Facing the challenges
650 0 _aTwenty-first century
651 0 _aJapan.
700 1 _aGilbreath, Dick.
856 4 1 _3Table of contents
_uhttp://www.loc.gov/catdir/toc/ecip0422/2004020797.html
942 _2lcc
_cBK
_h806
_iKAR
_kDS